| 000 | 00441nam a22001817a 4500 | ||
|---|---|---|---|
| 003 | CEME | ||
| 005 | 20210628203606.0 | ||
| 008 | 210203b xxu||||| |||| 00| 0 eng d | ||
| 020 | _a969-35-0552-2 | ||
| 040 | _c. | ||
| 082 | _a891.4391 INT | ||
| 100 |
_aIntizar Hussain _99473 |
||
| 245 | _aShehr-e-afsos | ||
| 260 |
_aLAHORE _bSANG E MEEL PUBLISHER _c1995 |
||
| 300 | _a223P | ||
| 650 |
_aURDU ADAB - AFSANAY _958964 |
||
| 942 |
_cBK _2ddc |
||
| 999 |
_c574409 _d574409 |
||